Performance-based management of flood defence systems (Record no. 74354)
[ view plain ]
| 000 -LEADER | |
|---|---|
| fixed length control field | 01472cab a2200253 4500 |
| 001 - CONTROL NUMBER | |
| control field | ABS67620 |
| 008 - FIXED-LENGTH DATA ELEMENTS--GENERAL INFORMATION | |
| fixed length control field | 040402n2004 000 0 eng u |
| 035 ## - SYSTEM CONTROL NUMBER | |
| System control number | (Sirsi) u125735 |
| 100 ## - MAIN ENTRY--PERSONAL NAME | |
| Personal name | Dawson, R. |
| 245 ## - TITLE STATEMENT | |
| Title | Performance-based management of flood defence systems |
| 260 ## - PUBLICATION, DISTRIBUTION, ETC. | |
| Date of publication, distribution, etc. | 2004 |
| 490 ## - SERIES STATEMENT | |
| Series statement | Proceedings of the Institution of Civil Engineers |
| Volume/sequential designation | 157(WM1) March 2004, 35-44(10) |
| 520 ## - SUMMARY, ETC. | |
| Summary, etc. | Performance-based asset management is a process of managing an infrastructure system in order to optimise its behaviour when evaluated against specific objectives. It enables prioritisation of investment in flood defence infrastructure construction, inspection and maintenance. It is risk-based with costs of alternative interventions in the flood defence system weighed against their benefit in terms of flood risk reduction. It also takes into account the multiple objectives for flood management, including economic efficiency, the environment and safety. The authors have developed a hierarchical flood defence system and illustrate it through a case study for the flood defence system surrounding a town. [Taken from journal abstract]. |
| 590 ## - LOCAL NOTE (RLIN) | |
| Local note | ABS |
| 650 ## - SUBJECT ADDED ENTRY--TOPICAL TERM | |
| Topical term or geographic name entry element | FLOOD MANAGEMENT |
| 650 ## - SUBJECT ADDED ENTRY--TOPICAL TERM | |
| Topical term or geographic name entry element | ASSET MANAGEMENT |
| 650 ## - SUBJECT ADDED ENTRY--TOPICAL TERM | |
| Topical term or geographic name entry element | Infrastructure |
| 9 (RLIN) | 6246 |
| 650 ## - SUBJECT ADDED ENTRY--TOPICAL TERM | |
| Topical term or geographic name entry element | FLOOD DEFENCES |
| 650 ## - SUBJECT ADDED ENTRY--TOPICAL TERM | |
| Topical term or geographic name entry element | PERFORMANCE INDICATORS |
| 690 ## - LOCAL SUBJECT ADDED ENTRY--TOPICAL TERM (OCLC, RLIN) | |
| Topical term or geographic name as entry element | ENVIRONMENTAL AND LAND CONSULTANCY-ENVIRONMENTAL MANAGEMENT |
| 700 ## - ADDED ENTRY--PERSONAL NAME | |
| Personal name | Hall, J. |
| 700 ## - ADDED ENTRY--PERSONAL NAME | |
| Personal name | Davis, J. |
| 942 ## - ADDED ENTRY ELEMENTS (KOHA) | |
| Suppress in OPAC | 0 |
| Withdrawn status | Lost status | Source of classification or shelving scheme | Damaged status | Not for loan | Home library | Current library | Shelving location | Date acquired | Total Checkouts | Full call number | Barcode | Date last seen | Copy number | Price effective from | Koha item type |
|---|---|---|---|---|---|---|---|---|---|---|---|---|---|---|---|
| Dewey Decimal Classification | London | London | Journal article | 02/04/2004 | ABS67620 | 125735-1001 | 06/08/2019 | 1 | 06/08/2019 | Journal article |